| 000 | 01287aab a2200205 i 4500 | ||
|---|---|---|---|
| 001 | 768714001 | ||
| 003 | CO-MdFUSB | ||
| 005 | 20240423113959.0 | ||
| 008 | 170523s2000 cr ||||| |||| 00| 0 spa d | ||
| 022 | _a1409-1968 | ||
| 040 |
_aCO-MdFUSB _bspa _cCO-MdFUSB _dCO-MdFUSB |
||
| 041 | _aspa | ||
| 100 | 1 |
_aGóngora, Alvin _eautor |
|
| 245 | 1 | 0 |
_aFe en medio de la violencia : _btres lecciones desde Colombia _c/ Alvin Góngora |
| 300 |
_aVolumen 19, número 1 y 2 (enero - junio, 2000), páginas: 44-47 _c: 27 cm |
||
| 520 | _aAlgunos frentes guerrilleros facilitan la presencia y ministerio de la Iglesia, otros obligan a los cristianos a silenciarse: Lección 1: Los ojos en las cosas de arriba; los pies en las de la tierra. Lección 2: Dar razón de nuestra esperanza: mansedumbre, no guerra. Lección 3: La fiesta Los ojos en "las cosas de arriba", la mansedumbre como nuestra esperanza, y la fiesta para celebrar al que tuvo el mérito de crear un nuevo pueblo. Tres lecciones que nacen de una tierra enlutada sobre cuyas oscuridades se mueve el Espíritu de Dios tal cual lo viene haciendo desde el inicio mismo de la creación. | ||
| 650 | 7 |
_aFe _9531 |
|
| 773 | 0 |
_049402 _959629 _gVolumen 19, número 1 y 2 (enero - junio, 2000), páginas: 44-47 _qPágina 44 |
|
| 942 | _cANA | ||
| 999 |
_c59823 _d59823 |
||